| 000 | 00714nam a22002297a 4500 | ||
|---|---|---|---|
| 999 |
_c16671 _d16671 |
||
| 003 | AR-CdUCM | ||
| 008 | 190504b ||||| |||| 00| 0 spa d | ||
| 040 |
_aMUNICIPALIDAD PROVINCIAL DEL CUSCO _cBIBLIOTECA MUNICIPAL DEL CUSCO |
||
| 082 |
_a341.4 / _bL54 |
||
| 100 |
_aLevi, Edward H. _936244 |
||
| 245 | _aIntroducción al razonamiento juridico / | ||
| 260 |
_aBuenos Aires : _bEUDEBA editorial universitaria, _c1964. |
||
| 300 |
_a148 paginas ; _c20 cm. |
||
| 500 | _aHistoria sociales | ||
| 650 |
_aSociales _928612 |
||
| 650 |
_aHistorias _92725 |
||
| 650 |
_aRazonamiento _920965 |
||
| 650 |
_aJuridico _911346 |
||
| 700 |
_aCarrio, Genaro R. _936245 |
||
| 942 |
_2ddc _cLIBROS |
||
| 945 |
_apjha _d2019-05-04 |
||